| 000 | 00832cab a2200253 4500 | ||
|---|---|---|---|
| 001 | ABS54486 | ||
| 008 | 090401t1996 xxu||||| |||| 00| 0 eng d | ||
| 035 | _a(Sirsi) u10723 | ||
| 041 | _aeng | ||
| 100 | _aMacneil, J. | ||
| 245 | _aShip shape and Bristol fashion | ||
| 260 | _c1996 | ||
| 350 | _a0 | ||
| 490 |
_aBuilding _v261(7927) 9 February 1996, 41-47(6) |
||
| 520 | _aReview of the design and general development of the MOD`s new £254m procurement headquarters - the biggest UK office project since Canary Wharf. Includes as-built programme for shell and core. | ||
| 650 | _aABBEY WOOD | ||
| 650 | _aAS-BUILT PROGRAMMES | ||
| 650 | _aBRISTOL | ||
| 650 | _aMOD PROCUREMENT EXECUTIVE COLLOCATION | ||
| 650 | _aSHELL AND CORE | ||
| 690 | _aBUILDING AND CONSTRUCTION-PROJECTS | ||
| 942 | _n0 | ||
| 948 | _c04/03/1997 | ||
| 999 |
_c6812 _d6812 |
||